| 000 | 00501nam a2200181 4500 | ||
|---|---|---|---|
| 001 | 132773 | ||
| 003 | ES-MaACL | ||
| 005 | 20230906194239.0 | ||
| 007 | t| | ||
| 008 | 070214s1972 sp r ||||1| spa d | ||
| 080 | _a821.134.2-31"19" | ||
| 100 | 1 |
_aRosa, Julio M. de la. _999606 |
|
| 245 | 1 | 0 |
_aFin de semana en Etruria / _cJulio Manuel de la Rosa. |
| 260 |
_aMadrid : _b[Gráficas Espejo], _c1972. |
||
| 300 |
_a132 p. ; _c18 cm. |
||
| 586 | _aPremio Sésamo 1971 | ||
| 852 |
_aES-MaACL _jC-44367 |
||
| 999 |
_c132773 _d132773 |
||